Brandscapes : Architecture in the Experience Economy /

Salvato in:
Dettagli Bibliografici
Autore principale: Klingmann, Anna (Autore)
Natura: Libro
Lingua:inglese
Pubblicazione: Cambridge : The MIT Press, 2010
Edizione:1. paperback vydanie
Soggetti:
Tags: Aggiungi Tag
Nessun Tag, puoi essere il primo ad aggiungerne!!

MARC

LEADER 00000nam a22000003a 4500
001 0082617
003 SK-STU
005 20200731131312.5
007 ta
008 200731s ----xo-----e------000-0-----d
020 |a 978-0-262-51503-0 
040 |a STU  |b slo 
041 0 |a eng 
044 |a xxu 
100 1 |a Klingmann, Anna  |4 aut 
245 1 0 |a Brandscapes :  |b Architecture in the Experience Economy /  |c aut. Anna Klingmann 
250 |a 1. paperback vydanie 
260 |a Cambridge :  |b The MIT Press,  |c 2010 
300 |a 364 s. 
650 0 7 |a contemporary urbanism 
650 0 7 |a urbanizmus a územné plánovanie 
650 0 7 |a brand 
650 0 7 |a obchodná značka 
650 0 7 |a územný marketing 
650 0 7 |a forma budovy 
996 |b 284AU08425  |c A* 11685/U  |l AAKNST  |s P  |a 0  |w 0082617_0001